000 00471nam a22001697a 4500
003 SGT
020 _a9788190742023
082 _a615.53
_bC10L
100 _aLAVEKAR,G.S,ed.
245 _aCLINICAL SAFETY AND EFFICIEANCY OF DHATRI LAUHA IN IRON DEFICIENCY ANAEMIA
250 _a1ST
260 _aNEW DELHI
_bCCRAS
_c2010
300 _a179
650 _aAYURVEDA
653 _aCLINICAL, SAFETY, EFFICIEANCY , DHATRI, LAUHA , IRON, DEFICIENCY, ANAEMIA
942 _2ddc
_cBK
999 _c34656
_d34656